El yo de Jesucristo: un conflicto entre dos cristologías

Uloženo v:
Podrobná bibliografie
Hlavní autor: Xiberta, Bartolomé María (Autor)
Médium: Kniha
Jazyk:španělština
Vydáno: Barcelona Herder 1954
Témata:
Tagy: Přidat tag
Žádné tagy, Buďte první, kdo vytvoří štítek k tomuto záznamu!

MARC

LEADER 00000nam a2200000 a 4500
001 UCL1800
003 CL-VaPUC
008 030926e19540000SP |||||||||||||||||spa|d
082 0 4 |a 232  |b XIB  |2 21 
100 0 |a Xiberta, Bartolomé María  |e author  |9 478632 
245 1 3 |a El yo de Jesucristo: un conflicto entre dos cristologías 
300 |a 172 p 
942 |c BK 
945 |d 20030926 00:00:00  |a vberengu 
260 |a Barcelona  |b Herder  |c 1954 
600 0 |a Jesús  |9 313614 
650 0 |a Teología cristiana  |9 308336 
650 0 |a Cristología   |9 315091 
583 |a last modification  |c 20030926 00:00:00  |k Rodrigo Vera 
999 |c 305240  |d 305238 
952 |0 0  |1 0  |4 0  |6 232_000000000000000_XIB_1954  |7 0  |8 A  |9 368364  |a BIBTEO  |b BIBTEO  |d 2019-11-21  |i 2078589  |o 232 XIB 1954  |p 2078589  |r 2025-01-17  |w 2019-11-21  |y BK  |k ICR